00293cam6a220012102 4500001001200000008004100012035001900053035001800072100003200090245003300122260001000155004000600165zam00002537951128s1965 xx eng u a(Sirsi) r19890 a(MACHINE)SLC. aMacpherson, C. B.6A80984.114aThe real world of democracy. c1965.19890